Housing expert (Record no. 81091)

MARC details
000 -LEADER
fixed length control field 00888cab a22001935a 4500
001 - CONTROL NUMBER
control field L146223
008 - FIXED-LENGTH DATA ELEMENTS--GENERAL INFORMATION
fixed length control field 081217e20081212xxka f 000 0 eng d
035 ## - SYSTEM CONTROL NUMBER
System control number (Sirsi) u146223
041 0# - LANGUAGE CODE
Language code of text/sound track or separate title eng
100 1# - MAIN ENTRY--PERSONAL NAME
Personal name Stothart, Chloe
245 00 - TITLE STATEMENT
Title Housing expert
Remainder of title home made
260 ## - PUBLICATION, DISTRIBUTION, ETC.
Date of publication, distribution, etc. 2008
490 #0 - SERIES STATEMENT
Series statement Building
Volume/sequential designation 273 (8559) 12 December 2008, 52-53 (2)
520 ## - SUMMARY, ETC.
Summary, etc. Presents micro combined heat and power systems (CHP), a technology producing free electricity while heating your house. Describes the two varieties of CHP unit: the stirling engines and fuel cells. The advantages reported are a reduction in costs and in carbon dioxide emissions. Will be introduced in the UK market in 2009. Article includes an illustration of a micro CHP unit and a schema on how it works.
590 ## - LOCAL NOTE (RLIN)
Local note KA
651 #4 - SUBJECT ADDED ENTRY--GEOGRAPHIC NAME
Geographic name United Kingdom
Chronological subdivision
690 ## - LOCAL SUBJECT ADDED ENTRY--TOPICAL TERM (OCLC, RLIN)
Topical term or geographic name as entry element BUILT ENVIRONMENT-BUILDING ELEMENTS
942 ## - ADDED ENTRY ELEMENTS (KOHA)
Suppress in OPAC 0
Holdings
Withdrawn status Lost status Source of classification or shelving scheme Damaged status Not for loan Home library Current library Shelving location Date acquired Total Checkouts Full call number Barcode Date last seen Copy number Price effective from Koha item type
    Dewey Decimal Classification     London London Journal article 17/12/2008   L146223 146223-1001 06/08/2019 1 06/08/2019 Journal article